000 00499nam a2200181 i 4500
001 73931
003 ES-MaACL
005 20240503110110.0
007 t|
008 040913s1972 sp ||||1| spa d
100 1 _aGonzález, Ángel,
_d1925-2008
_958280
245 1 0 _aPalabra sobre palabra /
_cAngel González.
250 _a[1ª ed.].
260 _a[Barcelona] :
_bBarral,
_c1972.
300 _a284 p. ;
_c20 cm.
852 _aES-MaACL
_jC-43556
_bR.82471
999 _c73931
_d73931